| 000 | 00771pam a2200217 a 4500 | ||
|---|---|---|---|
| 001 | 4450743 | ||
| 005 | 20241023130701.0 | ||
| 008 | 950307s1995 paua b 001 0 eng c | ||
| 020 | _a0397513720 (alk. paper) | ||
| 050 | 0 | 0 |
_aRC903.9 _b.R478 1995 |
| 082 | 0 | 0 |
_a616.6/107 _220 |
| 245 | 0 | 0 |
_aRenal pathophysiology / _c[edited by] James A. Shayman ; with 6 contributing authors. |
| 260 |
_aPhiladelphia : _bJ.B. Lippincott, _cc1995. |
||
| 300 |
_axi, 189 p. : _bill. (some col.) ; _c26 cm. |
||
| 440 | 0 | _aLippincott's pathophysiology series | |
| 650 | 0 |
_aKidneys _xPathophysiology. |
|
| 650 | 1 | 2 |
_aKidney _xphysiopathology. |
| 700 | 1 | _aShayman, James A. | |
| 856 | 4 | 2 |
_3Publisher description _uhttp://www.loc.gov/catdir/enhancements/fy0809/95010443-d.html |
| 942 |
_2ddc _cBK _n0 |
||
| 999 |
_c136 _d136 |
||